01270nam a22002177a 45000010005000000030006000050050017000110080041000280200018000690400029000870500008001160820008001241000021001322450051001532500025002042600042002293000049002715200668003206500033009887000031010215800FISKH20250122164416.0250122b cb ||||| |||| 00| 0 eng d a9780340812006 aFISKHbengcFISKHdFISKH aPZ7 a907 aLeadbeater, Tim  aIslamic empires 600-1650 /cBy Tim Leadbeater  aFirst published 2004 aLondon :bHodder Education , c2004 . a46 pages : bcolor illustrations ;c28 cm .  aThis book includes all the features of the bestselling Hodder History series which is up-to-date, motivating, differentiated and flexible. It covers the rise and fall of Islamic Empires from c600 to c1650 including chapters on: The Dawn of Islam; The Empire Unfurls; Islamic Civilisation; Holy Wars; The Mughal Empire. Investigations which encourage pupils to become historical detectives and develop their enquiry skills are on fascinating topics such as: The Life of Women; Survival Skills for Rulers; Salah-ad-Din and Richard the Lionheart. As well as promoting historical skills this book integrates literacy through its guidance on extended answer questions. aIslamic Historyvnon-fiction aWhittock , Martyneeditor